| 000 | 00593nam a22001817a 4500 | ||
|---|---|---|---|
| 005 | 20251108173002.0 | ||
| 008 | 250721s1986 xx 000 0 ara d | ||
| 082 | 1 | 4 | _aم/700.74062/متح |
| 100 | 1 |
_aصادق، عبد العزيز _etran. |
|
| 245 | 1 | 0 | _aمتحف الاقصر للفن المصري القديم / |
| 264 | 1 |
_aالقاهرة : _bالمعهد العلمي الفرنسي للاثار الشرقية، _c1986. |
|
| 650 | 1 | 7 | _aالمتاحف |
| 650 | 1 | 7 | _aمصر |
| 650 | 1 | 7 | _aالفن القديم |
| 650 | 1 | 7 | _aالفن المصري |
| 942 |
_2ddc _cREF |
||
| 999 |
_c93408 _d93408 |
||